[Event "Xtracon Grand Master 2014"]
[Site "Koge"]
[Date "2014.10.11"]
[Round "1.1"]
[White "Baklan, Vladimir"]
[Black "Ahlander, Björn"]
[Result "1-0"]
[WhiteElo "2656"]
[BlackElo "2401"]
[PlyCount "83"]
[EventDate "2014.??.??"]
[WhiteClock "0:03:23"]
[BlackClock "0:01:19"]

1. e4 c5 2. Nf3 e6 3. Nc3 d6 4. g3 Nc6 5. Bg2 Nf6 6. d4 cxd4 7. Nxd4 Be7 8.
Nxc6 bxc6 9. e5 Nd5 10. exd6 Qxd6 11. Ne4 Qc7 12. O-O O-O 13. c4 Nf6 14. Qe2 e5
15. Bd2 Be6 16. Nxf6+ Bxf6 17. Bc3 Rfe8 18. Rfe1 Qb6 19. b3 Bf5 20. Rad1 Re6
21. h4 h6 22. Rd7 a5 23. Qf3 Bg6 24. Qe3 Qxe3 25. Rxe3 Bb1 26. Re2 a4 27. Rb2
Bf5 28. b4 a3 29. Rbd2 Rb8 30. c5 e4 31. Bxf6 gxf6 32. Rd8+ Re8 33. R8d4 Rb7
34. Re2 Bg6 35. h5 Bxh5 36. Rexe4 Rxe4 37. Bxe4 Bg6 38. Bxc6 Rc7 39. b5 Bb1 40.
b6 Rc8 41. b7 Rb8 42. Ra4 1-0

[Event "Xtracon Grand Master 2014"]
[Site "Asgaard Skole"]
[Date "2014.10.11"]
[Round "1.2"]
[White "Høi, Carsten"]
[Black "Krasenkow, Michal"]
[Result "0-1"]
[WhiteElo "2395"]
[BlackElo "2631"]
[PlyCount "134"]
[EventDate "2014.??.??"]
[WhiteTeam "Brønshøj Skakforening"]

1. d4 d6 2. e4 g6 3. c4 Bg7 4. Nc3 e5 5. Nge2 exd4 6. Nxd4 Ne7 7. h4 Nbc6 8.
Be3 h5 9. Be2 O-O 10. Nxc6 bxc6 11. g4 Bxg4 12. Bxg4 hxg4 13. Qxg4 Qc8 14. Qxc8
Raxc8 15. c5 d5 16. exd5 cxd5 17. O-O-O c6 18. h5 Nf5 19. Ne2 Rfe8 20. hxg6
fxg6 21. Rh3 Re4 22. Nf4 Nxe3 23. fxe3 d4 24. Ne2 dxe3 25. Rd6 g5 26. Kc2 Rc4+
27. Kd3 Rxc5 28. Rxe3 Bxb2 29. Re7 a5 30. Rb7 Ba1 31. Nd4 Rd5 32. Rxd5 cxd5 33.
Rd7 Rc3+ 34. Ke2 Ra3 35. Rxd5 Rxa2+ 36. Kf3 g4+ 37. Kg3 Ra3+ 38. Kh4 g3 39. Nc2
Bf6+ 40. Kh3 Rc3 41. Rxa5 Rxc2 42. Kxg3 Kf7 43. Kg4 Ke6 44. Ra6+ Ke5 45. Ra5+
Ke4 46. Ra4+ Bd4 47. Kg3 Rc8 48. Rb4 Rg8+ 49. Kh4 Ke5 50. Ra4 Bf2+ 51. Kh5 Kf5
52. Ra5+ Kf4 53. Ra4+ Kf3 54. Kh6 Be3+ 55. Kh7 Rg1 56. Ra3 Kf4 57. Ra5 Ke4 58.
Rb5 Bf4 59. Ra5 Be5 60. Ra2 Kf5 61. Rf2+ Bf4 62. Ra2 Be3 63. Ra6 Bd4 64. Ra4
Be5 65. Ra5 Rg7+ 66. Kh6 Rb7 67. Rc5 Rb8 0-1

[Event "Xtracon Grand Master 2014"]
[Site "Koge"]
[Date "2014.10.11"]
[Round "1.3"]
[White "Rozentalis, Eduardas"]
[Black "Adan Bermudez, Sergio"]
[Result "1-0"]
[WhiteElo "2600"]
[BlackElo "2357"]
[PlyCount "67"]
[EventDate "2014.??.??"]
[WhiteClock "0:29:50"]

1. e4 d6 2. d4 Nf6 3. Nc3 e5 4. Nf3 Nbd7 5. Bc4 h6 6. O-O c6 7. a4 Qc7 8. h3
Be7 9. Ba2 Nf8 10. Be3 g5 11. Qe2 Ne6 12. Rad1 g4 13. hxg4 Nxg4 14. Nxe5 dxe5
15. Qxg4 exd4 16. Bxd4 Nxd4 17. Qg7 Nf3+ 18. gxf3 Rf8 19. e5 Bf5 20. Ne4 Bxe4
21. fxe4 Rd8 22. e6 Rd6 23. exf7+ Kd8 24. e5 Rxd1 25. Rxd1+ Kc8 26. Be6+ Kb8
27. Rd7 Qa5 28. c3 Qc5 29. a5 a6 30. Qg3 Bg5 31. b4 Qb5 32. Bh3 Qc4 33. e6+ Bf4
34. e7 1-0

[Event "Xtracon Grand Master 2014"]
[Site "Koge"]
[Date "2014.10.11"]
[Round "1.4"]
[White "Carstensen, Jacob"]
[Black "Fier, Alexandr"]
[Result "0-1"]
[WhiteElo "2357"]
[BlackElo "2589"]
[PlyCount "40"]
[EventDate "2014.??.??"]
[WhiteClock "0:43:28"]
[BlackClock "1:06:37"]

1. d4 Nf6 2. c4 g6 3. Nc3 d5 4. Nf3 Bg7 5. Bf4 O-O 6. e3 c5 7. dxc5 Ne4 8. Rc1
Nxc3 9. bxc3 Qa5 10. Be5 Bxe5 11. Nxe5 dxc4 12. Bxc4 Qxc5 13. Qd4 Qc7 14. h4
Nd7 15. Nxf7 Rxf7 16. h5 gxh5 17. Bxf7+ Kxf7 18. Qd5+ Kf8 19. Qxh5 Nf6 20. Qh6+
Kf7 0-1

[Event "Xtracon Grand Master 2014"]
[Site "Koge"]
[Date "2014.10.11"]
[Round "1.5"]
[White "Prohaszka, Peter"]
[Black "Percivaldi, Martin"]
[Result "1-0"]
[WhiteElo "2588"]
[BlackElo "2324"]
[PlyCount "57"]
[EventDate "2014.??.??"]
[WhiteClock "0:08:08"]
[BlackClock "0:09:59"]

1. d4 d5 2. Nf3 Nf6 3. c4 c6 4. g3 Bf5 5. Bg2 e6 6. O-O h6 7. Nc3 Nbd7 8. Re1
Be7 9. Qb3 Qb6 10. c5 Qa6 11. Bf1 Be4 12. Nxe4 Nxe4 13. e3 b5 14. a4 Qa5 15.
Bd2 Nxd2 16. Nxd2 b4 17. e4 Kd8 18. Qf3 Rf8 19. exd5 exd5 20. Bh3 Qc7 21. a5
Bf6 22. Qd3 Rb8 23. a6 g6 24. Nb3 Re8 25. Qf3 Be7 26. Qxf7 Nf6 27. Na5 Ne4 28.
Qxg6 Bf6 29. Rxe4 1-0

[Event "Xtracon Grand Master 2014"]
[Site "Asgaard Skole"]
[Date "2014.10.11"]
[Round "1.6"]
[White "Bekker-Jensen, David"]
[Black "Danielsen, Henrik"]
[Result "0-1"]
[WhiteElo "2289"]
[BlackElo "2490"]
[PlyCount "60"]
[EventDate "2014.??.??"]
[WhiteTeam "Philidor"]
[BlackTeam "BMS Skak"]

1. e4 d6 2. d4 Nf6 3. Nc3 Nbd7 4. Nf3 e5 5. Bc4 Be7 6. O-O O-O 7. a4 exd4 8.
Qxd4 Nc5 9. h3 Be6 10. Rd1 a5 11. Bxe6 Nxe6 12. Qc4 c6 13. Nd4 Nxd4 14. Qxd4
Qc7 15. Bf4 Rfd8 16. Ra3 Ne8 17. Rb3 Bf6 18. Qc4 Qe7 19. Be3 Rd7 20. Ne2 g6 21.
Rbd3 Bg7 22. Nc3 Qe6 23. Qxe6 fxe6 24. f4 d5 25. e5 Rf7 26. h4 Bf8 27. Ne2 Ng7
28. Bb6 Be7 29. g3 Ra6 30. Rb3 Rxb6 0-1

[Event "Xtracon Grand Master 2014"]
[Site "Asgaard Skole"]
[Date "2014.10.11"]
[Round "1.7"]
[White "Semcesen, Daniel"]
[Black "Brinck-Claussen, Bjørn"]
[Result "1-0"]
[WhiteElo "2480"]
[BlackElo "2227"]
[PlyCount "49"]
[EventDate "2014.??.??"]
[WhiteTeam "Skanderborg Skakklub"]
[BlackTeam "Sjælsø Skakklub"]

1. d4 Nf6 2. c4 e6 3. Nc3 Bb4 4. a3 Bxc3+ 5. bxc3 c5 6. e3 O-O 7. Bd3 Nc6 8.
Ne2 b6 9. e4 Ne8 10. O-O Ba6 11. f4 f5 12. e5 Na5 13. d5 d6 14. g4 Bxc4 15.
Bxc4 Nxc4 16. dxe6 Nc7 17. gxf5 d5 18. Ng3 Qh4 19. Ra2 Rad8 20. Rg2 Kh8 21. f6
Nxe6 22. Nf5 Qh3 23. fxg7+ Nxg7 24. Nxg7 Rg8 25. Rf3 1-0

[Event "Xtracon Grand Master 2014"]
[Site "Asgaard Skole"]
[Date "2014.10.11"]
[Round "1.8"]
[White "Akdag, Dara Sevkan"]
[Black "Smith, Axel"]
[Result "0-1"]
[WhiteElo "2193"]
[BlackElo "2474"]
[PlyCount "60"]
[EventDate "2014.??.??"]
[WhiteTeam "BMS Skak"]

1. d4 d5 2. c4 c6 3. Nf3 Nf6 4. Nc3 dxc4 5. a4 Bf5 6. Ne5 Nbd7 7. Nxc4 Qc7 8.
g3 e5 9. dxe5 Nxe5 10. Bf4 Nfd7 11. Bg2 g5 12. Ne3 gxf4 13. Nxf5 O-O-O 14. gxf4
Nc5 15. Qc2 Nc4 16. Rd1 Rxd1+ 17. Nxd1 Qxf4 18. Nfe3 Nxe3 19. Nxe3 Qb4+ 20. Kf1
Kb8 21. Bh3 Bd6 22. Rg1 Qxa4 23. Qc3 Qa1+ 24. Kg2 Rg8+ 25. Bg4 Qa4 26. b4 Nd7
27. Rd1 Rxg4+ 28. Kh3 Rg6 29. Qh8+ Kc7 30. Nd5+ cxd5 0-1

[Event "Xtracon Grand Master 2014"]
[Site "Asgaard Skole"]
[Date "2014.10.11"]
[Round "1.9"]
[White "Stuhr, Peter Sebastian"]
[Black "Pedersen, Henrik Dahl"]
[Result "1/2-1/2"]
[WhiteElo "1927"]
[BlackElo "2175"]
[PlyCount "89"]
[EventDate "2014.??.??"]
[WhiteTeam "Jetsmark Skakklub"]
[BlackTeam "Køge Skakklub"]

1. e4 c6 2. Bc4 d5 3. Bb3 dxe4 4. Qh5 g6 5. Qh4 Bg7 6. Nc3 Nf6 7. f3 Nbd7 8.
Nxe4 Nxe4 9. fxe4 O-O 10. Nf3 e6 11. Qf2 Ne5 12. O-O c5 13. d3 b6 14. Qg3 Nxf3+
15. Rxf3 Ba6 16. c3 Rc8 17. Bg5 Qc7 18. Qh4 c4 19. dxc4 Bxc4 20. Bxc4 Qxc4 21.
Raf1 f5 22. Bh6 Bxh6 23. Qxh6 Qxe4 24. Re3 Qd5 25. Rfe1 Rce8 26. h4 e5 27. h5
Rf6 28. Rh3 Qf7 29. Qg5 e4 30. Rf1 Rf8 31. Qh4 f4 32. g3 e3 33. Rxf4 e2 34. Kf2
Rxf4+ 35. gxf4 Qe6 36. Re3 Qc4 37. Kf3 Qd5+ 38. Kxe2 Qxa2 39. hxg6 Qxb2+ 40.
Kf3 hxg6 41. Qg5 Qb3 42. Qxg6+ Kh8 43. Qh6+ Kg8 44. Qg6+ Kh8 45. Qh6+ 1/2-1/2

[Event "Xtracon Grand Master 2014"]
[Site "Asgaard Skole"]
[Date "2014.10.11"]
[Round "1.10"]
[White "Nielsen, John Holm"]
[Black "Pedersen, Hans Dahl"]
[Result "0-1"]
[WhiteElo "2022"]
[BlackElo "2171"]
[PlyCount "114"]
[EventDate "2014.??.??"]
[WhiteTeam "Enkeltmedlem 1. HK"]
[BlackTeam "Køge Skakklub"]

1. Nc3 g6 2. e4 Bg7 3. d4 c6 4. Nf3 d5 5. exd5 cxd5 6. Bb5+ Nc6 7. O-O Bg4 8.
h3 Bxf3 9. Qxf3 e6 10. Re1 Nge7 11. Bg5 O-O 12. Bxc6 bxc6 13. Bf6 Bxf6 14. Qxf6
Nf5 15. Qxd8 Rfxd8 16. Rad1 Rab8 17. b3 Rb4 18. Ne2 a5 19. c3 {(=)} Rb5 20. Nc1
c5 21. dxc5 Rxc5 22. c4 Ne7 23. Nd3 Rcc8 24. c5 Nc6 25. Rc1 Rc7 26. Re2 Rb8 27.
Rb2 Rcb7 28. Rcb1 Rb5 29. a3 e5 30. b4 axb4 31. axb4 e4 32. Nf4 Rxb4 33. Rxb4
Rxb4 34. Rxb4 Nxb4 35. c6 Nxc6 36. Nxd5 f5 37. Kf1 Nd4 38. Ke1 Kf7 39. Kd2 Ke6
40. Nf4+ Ke5 41. g3 g5 42. Ng2 f4 43. gxf4+ gxf4 44. Ke1 Nf3+ 45. Kf1 Kf5 46.
h4 h5 47. Ke2 Kg4 48. Kf1 Nxh4 49. Ne1 Nf3 50. Nc2 h4 51. Nb4 Nd2+ 52. Kg2 h3+
53. Kh2 Nf3+ 54. Kh1 Ne1 55. Nd5 Nd3 56. Kg1 Kf3 57. Nc3 Nxf2 0-1

[Event "Xtracon Grand Master 2014"]
[Site "Asgaard Skole"]
[Date "2014.10.11"]
[Round "1.12"]
[White "Stojanovski, Sandi"]
[Black "Jacobsen, Mikkel Manosri"]
[Result "1-0"]
[WhiteElo "2167"]
[BlackElo "1944"]
[PlyCount "59"]
[EventDate "2014.??.??"]
[WhiteTeam "Skakklubben K41"]
[BlackTeam "BMS Skak"]

1. Nf3 Nf6 2. d4 d5 3. c4 c6 4. cxd5 cxd5 5. Nc3 Nc6 6. Bf4 Qb6 7. Na4 Qb4+ 8.
Bd2 Qd6 9. e3 Bg4 10. Be2 e6 11. O-O Be7 12. a3 O-O 13. b4 a5 14. b5 Nd8 15.
Ne5 Bxe2 16. Qxe2 Ne4 17. Rfc1 f6 18. Nd3 e5 19. Ndc5 Nxd2 20. Qxd2 e4 21. Qa2
Rc8 22. Nc3 Ne6 23. Nxb7 Qb6 24. Qxd5 Rc7 25. Nxa5 Qxa5 26. Qxe6+ Kh8 27. Nxe4
Qxa3 28. Nc5 Qb2 29. Rab1 Qa3 30. b6 1-0

[Event "Xtracon Grand Master 2014"]
[Site "Asgaard Skole"]
[Date "2014.10.11"]
[Round "1.13"]
[White "Karlsson, Ulf"]
[Black "Grabow, Pouelsten Holm"]
[Result "0-1"]
[WhiteElo "2009"]
[BlackElo "2124"]
[PlyCount "122"]
[EventDate "2014.??.??"]
[BlackTeam "Skakklubben Evans"]

1. e4 e6 2. d3 d5 3. Nd2 Nf6 4. g3 c5 5. Bg2 Nc6 6. Ngf3 Be7 7. O-O b6 8. Re1
Bb7 9. c3 Qc7 10. a3 a5 11. a4 Rd8 12. Qe2 h6 13. h4 Ba6 14. e5 Nd7 15. Nf1 Qb8
16. N1h2 b5 17. Bf1 b4 18. c4 dxc4 19. dxc4 b3 20. Bd2 Nb4 21. Red1 Nb6 22. Qe4
Bb7 23. Qg4 g6 24. Bxb4 cxb4 25. Rxd8+ Qxd8 26. Qf4 Nd7 27. Nd4 Qc7 28. Nhf3 g5
29. Qe3 gxh4 30. gxh4 Rg8+ 31. Kh2 Nf6 32. Bh3 Bc5 33. Re1 Rg6 34. Qd3 Nh5 35.
Qd2 Qb6 36. Rg1 Rxg1 37. Kxg1 Bf8 38. Bg2 Qd8 39. Qe3 Bg7 40. Nb5 Qd1+ 41. Kh2
Kf8 42. Nd6 Bxe5+ 43. Qxe5 Bxf3 44. Qh8+ Ke7 45. Nc8+ Kd7 46. Nb6+ Kc7 47. Na8+
Kb7 48. Qg8 Qd6+ 49. Kg1 Bxg2 50. Qxg2+ Ka7 51. Qf3 Nf4 52. c5 Qe5 53. Nb6 Qxc5
54. Nd7 Qd6 55. Qe3+ Kb7 56. Nc5+ Kc6 57. Ne4 Qe5 58. f3 f5 59. Qc1+ Kd7 60.
Qd2+ Ke7 61. Kf2 fxe4 0-1

[Event "Xtracon Grand Master 2014"]
[Site "Asgaard Skole"]
[Date "2014.10.11"]
[Round "1.14"]
[White "Andersen, Morten"]
[Black "Hansen, Lars-Henrik Bech"]
[Result "1/2-1/2"]
[WhiteElo "2115"]
[BlackElo "2001"]
[PlyCount "56"]
[EventDate "2014.??.??"]
[WhiteTeam "Skakforeningen Odysseus"]
[BlackTeam "BMS Skak"]

1. c4 Nf6 2. g3 g6 3. Nc3 Bg7 4. Bg2 O-O 5. e4 d6 6. Nge2 c6 7. O-O Na6 8. d3
e5 9. Rb1 Nc5 10. b4 Ne6 11. h3 Nh5 12. b5 Bd7 13. bxc6 bxc6 14. f4 exf4 15.
gxf4 Qh4 16. d4 Nxd4 17. Nxd4 Bxh3 18. Rf2 Bxg2 19. Rxg2 Nxf4 20. Nf3 Nh3+ 21.
Kf1 Qe7 22. Rb3 f5 23. exf5 Rxf5 24. Ne2 Qf7 25. Rg3 g5 26. Kg2 Nf4+ 27. Nxf4
gxf4 28. Rg4 h5 1/2-1/2

[Event "Xtracon Grand Master 2014"]
[Site "Asgaard Skole"]
[Date "2014.10.11"]
[Round "1.15"]
[White "Christensen, Casper"]
[Black "Nielsen, Jørgen Løvgren"]
[Result "1/2-1/2"]
[WhiteElo "1988"]
[BlackElo "2111"]
[PlyCount "53"]
[EventDate "2014.??.??"]
[WhiteTeam "BMS Skak"]
[BlackTeam "Roskilde Skakklub"]

1. e4 e5 2. Nf3 Nc6 3. Bb5 Nf6 4. O-O Nxe4 5. Re1 Nd6 6. Nxe5 Be7 7. Ba4 Nxe5
8. Rxe5 O-O 9. d4 Nc4 10. Re1 d5 11. Qf3 Bf6 12. c3 c6 13. Bc2 Re8 14. Re2 Bd7
15. Nd2 Qb6 16. b3 Nd6 17. Rxe8+ Rxe8 18. Ba3 Nb5 19. Bc5 Qa5 20. Bb4 Qc7 21.
a4 a5 22. Bc5 b6 23. Bxb6 Qxb6 24. axb5 Qxb5 25. Bd3 Qb6 26. h4 Qd8 27. g3
1/2-1/2

[Event "Xtracon Grand Master 2014"]
[Site "Asgaard Skole"]
[Date "2014.10.11"]
[Round "1.16"]
[White "Pondal, Jesper"]
[Black "Madsen, Michael Ole"]
[Result "0-1"]
[WhiteElo "1960"]
[BlackElo "2071"]
[PlyCount "96"]
[EventDate "2014.??.??"]
[WhiteTeam "Køge Skakklub"]
[BlackTeam "Allerød Skakklub"]

1. d4 d5 2. Nf3 Nf6 3. Bf4 c5 4. c3 cxd4 5. Nxd4 e6 6. e3 Be7 7. Bd3 Nbd7 8.
Bg3 O-O 9. Nd2 a6 10. Qc2 Nc5 11. Be2 Bd7 12. O-O Rc8 13. Rac1 b5 14. Qb1 Qb6
15. N2b3 Nce4 16. Be5 a5 17. Nf3 a4 18. Bd4 Qb7 19. Nbd2 Nd6 20. Bd3 g6 21. a3
Bc6 22. Ne5 Nc4 23. Ndf3 Ne4 24. Nxc6 Rxc6 25. Bxc4 bxc4 26. Ne5 Ra6 27. Qc2 f6
28. Nxg6 hxg6 29. f3 e5 30. fxe4 dxe4 31. Qe2 Rc8 32. Qg4 Kg7 33. h4 exd4 34.
cxd4 Ra5 35. Rf2 f5 36. Qg3 Qc7 37. Qh3 Rh8 38. g3 Ra6 39. Rfc2 Rc6 40. Kf2 Bd6
41. g4 f4 42. g5 fxe3+ 43. Kg2 Bf4 44. d5 Rc5 45. Rxc4 Rxc4 46. Rxc4 Qb7 47.
Rc2 Qxd5 48. Qg4 Rf8 0-1

[Event "Xtracon Grand Master 2014"]
[Site "Asgaard Skole"]
[Date "2014.10.11"]
[Round "1.17"]
[White "Henriksen, Kasper"]
[Black "Andersen, Daniel"]
[Result "1-0"]
[WhiteElo "2055"]
[BlackElo "1957"]
[PlyCount "53"]
[EventDate "2014.??.??"]
[WhiteTeam "Køge Skakklub"]
[BlackTeam "Frederikssund Skakklub"]

1. d4 e6 2. c4 f5 3. g3 d5 4. Bg2 c6 5. b3 Bd6 6. Nf3 Nf6 7. O-O Qe7 8. Qc2 O-O
9. a4 a5 10. Ba3 Na6 11. Bxd6 Qxd6 12. Qd2 Nb4 13. Ne5 Ne4 14. Bxe4 fxe4 15. c5
Qc7 16. Na3 b6 17. Rac1 Rd8 18. f3 exf3 19. Rxf3 bxc5 20. Rf7 Qxf7 21. Nxf7
Kxf7 22. Rxc5 Kg8 23. e4 dxe4 24. Nc4 Nd3 25. Rxa5 Rb8 26. Ra7 h6 27. Qa5 1-0

[Event "Xtracon Grand Master 2014"]
[Site "Asgaard Skole"]
[Date "2014.10.11"]
[Round "1.18"]
[White "Undheim, Bjarne"]
[Black "Nielsen, Viktor Haarmark"]
[Result "1-0"]
[WhiteElo "1912"]
[BlackElo "2052"]
[PlyCount "57"]
[EventDate "2014.??.??"]
[BlackTeam "Skakforeningen ØBRO"]

1. e4 e5 2. Nf3 Nc6 3. d4 exd4 4. Bc4 Bc5 5. c3 Nf6 6. e5 d5 7. Bb5 Ne4 8. cxd4
Bb6 9. Be3 O-O 10. Bxc6 bxc6 11. O-O Bg4 12. Qc1 Bd7 13. Nbd2 Nxd2 14. Qxd2 f6
15. Rac1 Bg4 16. exf6 Bxf3 17. fxg7 Rf6 18. gxf3 Rg6+ 19. Kh1 Qf6 20. Qd1 Rxg7
21. Rg1 Rxg1+ 22. Qxg1+ Kh8 23. Qg3 Bxd4 24. Rxc6 Qe5 25. Re6 Qg7 26. Re7 Qf6
27. Rf7 Qe5 28. Qh4 h5 29. Bxd4 1-0

[Event "Xtracon Grand Master 2014"]
[Site "Asgaard Skole"]
[Date "2014.10.11"]
[Round "1.19"]
[White "Kokholm, Daniel"]
[Black "Singh, Karamtej"]
[Result "1-0"]
[WhiteElo "1899"]
[BlackElo "1827"]
[PlyCount "34"]
[EventDate "2014.??.??"]
[WhiteTeam "Skakklubben K41"]
[BlackTeam "Skakklubben K41"]

1. e4 c5 2. Nc3 Nc6 3. f4 a6 4. a4 d6 5. Bc4 Nf6 6. d3 Bg4 7. Qd2 Qc7 8. f5 e6
9. h3 d5 10. Ba2 d4 11. Nb1 Bd6 12. Qg5 Bg3+ 13. Kf1 O-O-O 14. hxg4 h6 15. Qxg7
Be5 16. fxe6 Nxg4 17. Qxg4 fxe6 1-0

[Event "Xtracon Grand Master 2014"]
[Site "Asgaard Skole"]
[Date "2014.10.11"]
[Round "1.20"]
[White "Nielsen, Jens Holm"]
[Black "Larsen, Arne Walther"]
[Result "1-0"]
[WhiteElo "1811"]
[BlackElo "1894"]
[PlyCount "129"]
[EventDate "2014.??.??"]
[WhiteTeam "Amager Skakforening"]
[BlackTeam "Hvidovre Skakklub"]

1. Nc3 g6 2. g3 Bg7 3. Bg2 d6 4. f4 c5 5. Nf3 Nc6 6. O-O Rb8 7. e3 Nf6 8. d3
O-O 9. Bd2 b5 10. e4 e6 11. Qe1 Qb6 12. Nd1 Nd4 13. Rc1 b4 14. c3 bxc3 15. bxc3
Nxf3+ 16. Bxf3 Qa6 17. c4 d5 18. e5 Nd7 19. cxd5 exd5 20. Bxd5 Qxd3 21. Bc4
Qd4+ 22. Qe3 Nb6 23. Qxd4 cxd4 24. Bd3 Be6 25. a3 Rfc8 26. Nf2 Bf8 27. Bb4 Bxb4
28. axb4 Nd5 29. Rxc8+ Rxc8 30. b5 Nc3 31. Ne4 Nxe4 32. Bxe4 Rd8 {(=)} 33. Bd3
Bf5 34. Bxf5 gxf5 35. Rd1 Kf8 36. Kf2 Ke7 37. Ra1 Rd7 38. Ke2 Ke6 39. Kd3 Kd5
40. Rc1 Rb7 41. Rc4 Rxb5 42. Rxd4+ Ke6 43. Rd6+ Ke7 44. Ra6 Rb2 45. Rxa7+ Kf8
46. Ra6 Rxh2 47. Rf6 Rg2 48. Rxf5 Rxg3+ 49. Ke4 Rg1 50. Rh5 Re1+ 51. Kf5 Kg7
52. Rg5+ Kf8 53. Rg4 Ra1 54. Kg5 Ra6 55. f5 Ra5 56. Re4 Kg7 57. f6+ Kf8 58. Kf5
h5 59. Rb4 Ra8 60. Kg5 h4 61. Rxh4 Kg8 62. Rb4 Re8 63. Kf5 Kf8 64. Rb7 Rxe5+
65. Kxe5 1-0

[Event "Xtracon Grand Master 2014"]
[Site "Asgaard Skole"]
[Date "2014.10.11"]
[Round "1.21"]
[White "Jørgensen, Alexander Torp"]
[Black "Larsen, Preben R"]
[Result "0-1"]
[WhiteElo "1882"]
[BlackElo "1800"]
[PlyCount "116"]
[EventDate "2014.??.??"]
[WhiteTeam "Næstved Skakklub"]
[BlackTeam "Roskilde Skakklub"]

1. d4 d5 2. Bf4 e6 3. Nf3 Bd6 4. Bg3 Nf6 5. e3 b6 6. Nbd2 O-O 7. Bd3 Ba6 8. Qe2
Bxd3 9. Qxd3 Re8 10. e4 dxe4 11. Nxe4 Nxe4 12. Qxe4 Nd7 13. O-O-O Nf6 14. Qd3
Rc8 15. Bh4 Be7 16. Ne5 Qd6 17. Bg3 Qd5 18. f3 Qxa2 19. Nc6 Nd5 20. Kd2 Bb4+
21. Nxb4 Nxb4 22. Qb5 Qxb2 23. Qc4 Red8 24. Bf2 Nd5 25. Ra1 b5 26. Qc5 Qb4+ 27.
Qxb4 Nxb4 28. c3 Nc6 29. Rhb1 b4 30. Ra6 bxc3+ 31. Kxc3 Ne7 32. Rxa7 Nd5+ 33.
Kd3 Kf8 34. Bg3 Ke8 35. Rbb7 Rd7 36. Kc4 Ne3+ 37. Kc5 Rd5+ 38. Kc6 Rxd4 39.
Rxc7 Rxc7+ 40. Rxc7 Nd5 41. Rc8+ Ke7 42. Bd6+ Kf6 43. Kc5 Rc4+ 44. Kxc4 Nb6+
45. Kd4 {(=)} Nxc8 46. Be5+ Kg6 47. h4 Ne7 48. g3 {(=)} Nc6+ 49. Ke4 Nxe5 50.
Kxe5 Kh5 51. Kf4 f6 52. Ke4 g5 53. hxg5 Kxg5 54. Ke3 h5 55. Ke4 h4 56. f4+ Kg4
57. gxh4 Kxh4 58. f5 e5 0-1

[Event "Xtracon Grand Master 2014"]
[Site "Asgaard Skole"]
[Date "2014.10.11"]
[Round "1.22"]
[White "Severinsen, Frank"]
[Black "Wang, Peter"]
[Result "0-1"]
[WhiteElo "1792"]
[BlackElo "1877"]
[PlyCount "100"]
[EventDate "2014.??.??"]
[WhiteTeam "Skakklubben K41"]
[BlackTeam "Næstved Skakklub"]

1. e4 e6 2. Nc3 d5 3. Bb5+ c6 4. Ba4 d4 5. Nce2 b5 6. Bb3 c5 7. a3 Nc6 8. d3
Bb7 9. c4 a6 10. Nf3 Bd6 11. cxb5 axb5 12. Bd2 Nf6 13. Qc2 O-O 14. e5 Nxe5 15.
Nxe5 Bxe5 16. Qxc5 Nd7 17. Qxb5 Ba6 18. Qc6 Bxd3 19. Bd1 Bf6 20. Bb4 Ra6 21.
Qf3 Ne5 22. Qg3 Re8 23. O-O Bf5 24. Re1 Nd3 25. Bc2 Nxe1 26. Bxf5 exf5 27. Rxe1
d3 28. Nf4 Rxe1+ 29. Bxe1 d2 30. Bxd2 Qxd2 31. h3 Qe1+ 32. Kh2 Be5 33. Qg5 h6
34. Qxf5 Rf6 35. Qc8+ Kh7 36. Qc2+ g6 37. g3 Bxf4 38. gxf4 Rxf4 39. Kg3 Qe5 40.
Kg2 Qd5+ 41. Kg1 Rc4 42. Qb1 Qg5+ 43. Kh2 Rc1 44. Qxc1 Qxc1 45. b4 Qxa3 46. Kg2
Qxb4 47. f3 g5 48. Kg3 Qd2 49. h4 Kg6 50. Kg4 Qg2# 0-1

[Event "Xtracon Grand Master 2014"]
[Site "Asgaard Skole"]
[Date "2014.10.11"]
[Round "1.23"]
[White "Møller, Arne Vagn"]
[Black "Schmidt, Horst Hubert"]
[Result "1/2-1/2"]
[WhiteElo "1871"]
[BlackElo "1764"]
[PlyCount "129"]
[EventDate "2014.??.??"]
[WhiteTeam "Amager Skakforening"]
[BlackTeam "Brønshøj Skakforening"]

1. e4 g6 2. d4 Nf6 3. Nc3 d6 4. Nf3 Bg7 5. h3 O-O 6. Be3 c6 7. Bd3 e5 8. dxe5
dxe5 9. Qd2 Qc7 10. O-O-O b5 11. g4 Rd8 12. Ng5 h6 13. Nxf7 Qxf7 14. Bc4 Rxd2
15. Bxf7+ Kxf7 16. Rxd2 Nbd7 17. f3 Nb6 18. b3 Be6 19. h4 Bf8 20. g5 hxg5 21.
hxg5 Nh5 22. Rf2 Bd6 23. Ne2 c5 24. f4 exf4 25. Nxf4 Bxf4 26. Bxf4 Nxf4 27.
Rxf4+ Kg7 28. Rfh4 Bg8 29. Rd1 Re8 30. Rd6 Re6 31. Rd8 Re5 32. Rb8 Rxg5 33.
Rb7+ Kf6 34. Rxa7 Re5 35. Ra6 Re6 36. Rf4+ Ke7 37. Ra7+ Nd7 38. Ra8 Bf7 39. Ra7
Be8 40. Rh4 g5 41. Rh7+ Kf6 42. Rh6+ Ke5 43. Rxe6+ Kxe6 44. Ra8 Nf6 45. Kd2
Nxe4+ 46. Ke3 Nd6 47. a4 c4 48. a5 Nf5+ 49. Kf2 Bc6 50. Rg8 cxb3 51. cxb3 Nd4
52. b4 Kf5 53. a6 g4 54. a7 Kf4 55. Rf8+ Nf5 56. a8=Q Bxa8 57. Rxa8 g3+ 58. Kg1
Nd4 59. Kg2 Nf5 60. Rb8 Nd4 61. Rf8+ Nf5 62. Rb8 Nd4 63. Rf8+ Nf5 64. Rb8 Nd4
65. Rf8+ 1/2-1/2

[Event "Xtracon Grand Master 2014"]
[Site "Asgaard Skole"]
[Date "2014.10.11"]
[Round "1.24"]
[White "Tolba, Henri"]
[Black "Hansen, Verner"]
[Result "0-1"]
[WhiteElo "1698"]
[BlackElo "1870"]
[PlyCount "92"]
[EventDate "2014.??.??"]
[WhiteTeam "Hvidovre Skakklub"]
[BlackTeam "Espergærde Skakklub"]

1. d4 d5 2. Nf3 e6 3. Bf4 c5 4. e3 Nf6 5. c3 Nc6 6. Nbd2 Be7 7. Bd3 O-O 8. dxc5
Bxc5 9. Nb3 Bb6 10. Qc2 Qe7 11. g4 e5 12. g5 exf4 13. gxf6 Qxf6 14. e4 Bg4 15.
Nbd4 Rac8 16. Qa4 dxe4 17. Bxe4 Rfe8 18. Nd2 Nxd4 19. cxd4 Qxd4 20. Qxd4 Bxd4
21. O-O b6 22. Rab1 Rcd8 23. Kg2 Bf6 24. Bf3 Bf5 25. Rbe1 Rxe1 26. Rxe1 g5 27.
Ne4 Bxe4 28. Bxe4 Bxb2 29. Re2 Ba3 30. Rc2 Bc5 31. Re2 Kg7 32. Bc2 Kf6 33. Bxh7
f3+ 34. Kxf3 Rh8 35. Bc2 Rxh2 36. a4 a5 37. Be4 Rh4 38. Bc6 Rf4+ 39. Kg2 g4 40.
Bb5 Kg5 41. Bd7 f5 42. Bc6 Rd4 43. Bb5 f4 44. f3 g3 45. Re5+ Kh4 46. Be8 Rd2+
0-1

[Event "Xtracon Grand Master 2014"]
[Site "Asgaard Skole"]
[Date "2014.10.11"]
[Round "1.25"]
[White "Nielsen, Kai Gylling"]
[Black "Petersen, Rasmus"]
[Result "1-0"]
[WhiteElo "1846"]
[BlackElo "1627"]
[PlyCount "107"]
[EventDate "2014.??.??"]
[WhiteTeam "Roskilde Skakklub"]
[BlackTeam "Helsinge Skakklub"]

1. c4 Nf6 2. Nf3 e6 3. Nc3 b6 4. e4 Bb7 5. d3 d6 6. Be2 Be7 7. O-O O-O 8. Qc2
c5 9. a3 Nbd7 10. Bf4 a6 11. Rfd1 Rc8 12. e5 dxe5 13. Nxe5 Nxe5 14. Bxe5 Bd6
15. d4 Bxe5 16. dxe5 Nd7 17. Ne4 Bxe4 18. Qxe4 Qc7 19. f4 Nb8 20. h4 Rfd8 21.
Rd3 Rxd3 22. Bxd3 g6 23. h5 Rd8 24. hxg6 hxg6 25. Kf2 Qd7 26. Rd1 Qd4+ 27. Qxd4
Rxd4 28. Ke3 Kf8 29. Rh1 Kg7 30. b4 Rd8 31. g4 Nc6 32. Rb1 cxb4 33. axb4 a5 34.
bxa5 bxa5 35. Rb6 Nb4 36. Be4 Rd1 37. Rb5 Rc1 38. c5 Nd5+ 39. Bxd5 exd5 40.
Rxa5 Rc4 41. c6 Rxc6 42. Rxd5 Kf8 43. Ke4 Ke7 44. f5 gxf5+ 45. gxf5 Rc1 46. f6+
Ke8 47. Ra5 Re1+ 48. Kd5 Rd1+ 49. Kc6 Rc1+ 50. Rc5 Rxc5+ 51. Kxc5 Kd8 52. Kd6
Ke8 53. Kc7 Kf8 54. Kd7 1-0